000 00290nam a22001337a 4500
008 170214b xxu||||| |||| 00| 0 eng d
020 _a9781437705706
041 _aeng
080 _29ED
_a61
100 _a4
101 _aSHM
245 _aTHE LANGUAGE MEDICINE
_cCHABNER
942 _2udc
_cBK
999 _c5477
_d5477